| 000 | 02038nam a2200301 i 4500 | ||
|---|---|---|---|
| 003 | DO-SdBNP | ||
| 005 | 20260305073957.0 | ||
| 006 | a||||gr|||| 00| 0 | ||
| 007 | ta | ||
| 008 | 211006e2019 dr ||||fr|||| 001 sdspa d | ||
| 020 | _a9789945676187 | ||
| 040 |
_aDO-SdBNP _bspa _cBNPHU |
||
| 082 | 4 |
_bF363d _222 |
|
| 100 | 1 |
_aFernández, Leonel, _d1953- _eautor _97291 |
|
| 245 | 1 | 0 |
_aEn defensa de la Constitución: _breflexiones para la historia / _cLeonel Fernández. |
| 264 | 1 |
_aSanto Domingo : _bFunglode, _c2019 |
|
| 300 |
_a179 páginas ; _c23 cm. |
||
| 336 |
_2rdacontent _atexto _btxt |
||
| 337 |
_2rdamedia _asin mediación _bn |
||
| 338 |
_2rdacarrier _avolumen _bnc |
||
| 490 | _aDemocracia | ||
| 500 | _aIncluye biografía del autor en las solapas de las cubiertas. | ||
| 500 | _aPrimera reimpresión. | ||
| 505 | 0 |
_aPrólogo. _g1. Discursos _tDiscurso de apertura de la Consulta Popular para la Reforma Constitucional.-- _tDiscurso de clausura ante el Encuentro Nacional de la Consulta Popular para la Reforma Constitucional.-- _tDiscurso ante la Asamblea Nacional Revisora con ocasión de la proclamación de la Constitución dominicana.-- _tDiscurso de declinación de la reelección.-- _tDiscurso sobre reforma constitucional y reelección presidencial.-- _gII. Artículos. _tRevolución democrática institucional.-- _tLa constitución del 2010: una reforma integral.-- _tEl futuro de la reforma constitucional.-- _tEl debate sobre la reforma constitucional.-- _tComisión de Venecia: Constitución, democracia y reelección presidencia.-- _tLas primarias abiertas simultaneas son inconstitucionales.-- _tPrimaria interna y posverdad.-- _tLas primarias abiertas simultaneas siguen siendo inconstitucionales.-- _tUn día decisivo para la democracia.-- _tLey de partidos. Estatuto y Constitución.-- _tLey de partidos: una inconstitucionalidad confirmada.-- _tLey de partidos, Tribunal Constitucional y democracia.-- |
|
| 590 | _aInventariado 2024 / MF | ||
| 710 | 2 |
_aFundación Global Democracía y Desarrollo _925477 |
|
| 942 |
_2ddc _cLBS1 |
||
| 999 |
_c50711 _d50711 |
||